Online katalóg knižníc regiónu Turca

Hovnivál Hugo (Record no. 21894)

MARC details
000 -LEADER
fixed length control field 02781cam a2200721 4500
001 - CONTROL NUMBER
control field 21894
003 - CONTROL NUMBER IDENTIFIER
control field VRT
005 - DATE AND TIME OF LATEST TRANSACTION
control field 20260313182209.0
008 - FIXED-LENGTH DATA ELEMENTS--GENERAL INFORMATION
fixed length control field 221102s2022 xo af a 000 j slo
015 ## - NATIONAL BIBLIOGRAPHY NUMBER
National bibliography number SNBA2025/06
020 ## - INTERNATIONAL STANDARD BOOK NUMBER
International Standard Book Number 9788082340122
Qualifying information (viazané)
039 #9 - LEVEL OF BIBLIOGRAPHIC CONTROL AND CODING DETAIL [OBSOLETE]
Level of rules in bibliographic description 202506250759
Level of effort used to assign nonsubject heading access points AUTHORITY
Level of effort used to assign subject headings 202506190902
Level of effort used to assign classification msnk176
Level of effort used to assign subject headings 202505261515
Level of effort used to assign classification msnk04
Level of effort used to assign subject headings 202401241150
Level of effort used to assign classification mbin01
040 ## - CATALOGING SOURCE
Original cataloging agency SVKPO
Language of cataloging slo
Transcribing agency SVKPO
Modifying agency SNK
Description conventions rda
041 0# - LANGUAGE CODE
Language code of text/sound track or separate title slo
044 ## - COUNTRY OF PUBLISHING/PRODUCING ENTITY CODE
MARC country code xo
ISO country code SK
072 #7 - SUBJECT CATEGORY CODE
Subject category code 821.162.4-3
Subject category code subdivision Slovenská próza
Source konspekt
072 #7 - SUBJECT CATEGORY CODE
Subject category code 821-93
Subject category code subdivision Literatúra pre deti a mládež (beletria)
Source konspekt
072 #7 - SUBJECT CATEGORY CODE
Subject category code 0/9-053.2
Subject category code subdivision Literatúra pre deti a mládež (náučná)
Source konspekt
080 ## - UNIVERSAL DECIMAL CLASSIFICATION NUMBER
Universal Decimal Classification number 595.76
Edition identifier 2011
080 ## - UNIVERSAL DECIMAL CLASSIFICATION NUMBER
Universal Decimal Classification number 502.521
Edition identifier 2011
080 ## - UNIVERSAL DECIMAL CLASSIFICATION NUMBER
Universal Decimal Classification number 502:37.015.311
Edition identifier 2011
080 ## - UNIVERSAL DECIMAL CLASSIFICATION NUMBER
Universal Decimal Classification number 821.162.4-32
Edition identifier 2011
080 ## - UNIVERSAL DECIMAL CLASSIFICATION NUMBER
Universal Decimal Classification number (0.025.2)
Edition identifier 2011
080 ## - UNIVERSAL DECIMAL CLASSIFICATION NUMBER
Universal Decimal Classification number 591.149
Edition identifier 2011
080 ## - UNIVERSAL DECIMAL CLASSIFICATION NUMBER
Universal Decimal Classification number 82-93-053.4/.5
Edition identifier 2011
080 ## - UNIVERSAL DECIMAL CLASSIFICATION NUMBER
Universal Decimal Classification number 82-93-053.2
Edition identifier 2011
100 1# - MAIN ENTRY--PERSONAL NAME
Personal name Smatana, Simona,
Dates associated with a name 1988-
Relationship aut
-- ill
-- bkd
245 10 - TITLE STATEMENT
Title Hovnivál Hugo
Statement of responsibility, etc. Simona Smatana
250 ## - EDITION STATEMENT
Edition statement Vydanie prvé
264 #1 - PRODUCTION, PUBLICATION, DISTRIBUTION, MANUFACTURE, AND COPYRIGHT NOTICE
Place of production, publication, distribution, manufacture [Bratislava]
Name of producer, publisher, distributor, manufacturer Monokel
Date of production, publication, distribution, manufacture, or copyright notice 2022
300 ## - PHYSICAL DESCRIPTION
Extent 37 nečíslovaných strán
Other physical details ilustrácie, ilustrované listy
Dimensions 20 cm
336 ## - CONTENT TYPE
Content type term text
Content type code txt
Source rdacontent
336 ## - CONTENT TYPE
Content type term statický obraz
Content type code sti
Source rdacontent
337 ## - MEDIA TYPE
Media type term bez média
Media type code n
Source rdamedia
338 ## - CARRIER TYPE
Carrier type term zväzok
Carrier type code nc
Source rdacarrier
500 ## - GENERAL NOTE
General note Miesto vydania podľa NA ISBN
521 8# - TARGET AUDIENCE NOTE
Target audience note Pre čitateľov a čitateľky od 3 rokov do 100 rokov
650 07 - SUBJECT ADDED ENTRY--TOPICAL TERM
Topical term or geographic name entry element chrobáky
Source of heading or term SNKPH
650 07 - SUBJECT ADDED ENTRY--TOPICAL TERM
Topical term or geographic name entry element exkrementy
Source of heading or term SNKPH
650 07 - SUBJECT ADDED ENTRY--TOPICAL TERM
Topical term or geographic name entry element úrodnosť pôdy
Source of heading or term SNKPH
650 07 - SUBJECT ADDED ENTRY--TOPICAL TERM
Topical term or geographic name entry element environmentálna výchova a vzdelávanie
Source of heading or term SNKPH
650 07 - SUBJECT ADDED ENTRY--TOPICAL TERM
Topical term or geographic name entry element Beetles
Source of heading or term SNKPHeng
650 07 - SUBJECT ADDED ENTRY--TOPICAL TERM
Topical term or geographic name entry element Excrements
Source of heading or term SNKPHeng
650 07 - SUBJECT ADDED ENTRY--TOPICAL TERM
Topical term or geographic name entry element Soil fertility
Source of heading or term SNKPHeng
650 07 - SUBJECT ADDED ENTRY--TOPICAL TERM
Topical term or geographic name entry element Environmental education
Source of heading or term SNKPHeng
655 #7 - INDEX TERM--GENRE/FORM
Genre/form data or focus term slovenské príbehy
Source of term SNKPH
655 #7 - INDEX TERM--GENRE/FORM
Genre/form data or focus term publikácie pre deti
Source of term SNKPH
655 #7 - INDEX TERM--GENRE/FORM
Genre/form data or focus term ilustrované publikácie
Source of term SNKPH
655 #7 - INDEX TERM--GENRE/FORM
Genre/form data or focus term literatúra pre deti
Source of term SNKPH
655 #7 - INDEX TERM--GENRE/FORM
Genre/form data or focus term Slovak stories
Source of term SNKPHeng
655 #7 - INDEX TERM--GENRE/FORM
Genre/form data or focus term Children's literature
Source of term SNKPHeng
655 #7 - INDEX TERM--GENRE/FORM
Genre/form data or focus term Publications for children
Source of term SNKPHeng
655 #7 - INDEX TERM--GENRE/FORM
Genre/form data or focus term Illustrated publications
Source of term SNKPHeng
711 2# - ADDED ENTRY--MEETING NAME
Meeting name or jurisdiction name as entry element Najkrajšie knihy Slovenska
Number of part/section/meeting (XXXI. (59.) :
Date of meeting or treaty signing 2022
Location of meeting Bratislava, Slovensko).
Subordinate unit Kategória: Literatúra pre deti a mládež
711 2# - ADDED ENTRY--MEETING NAME
Meeting name or jurisdiction name as entry element Bienále ilustrácií Bratislava
Number of part/section/meeting (29. :
Date of meeting or treaty signing 2023 :
Location of meeting Bratislava, Slovensko).
Subordinate unit Cena primátora Bratislavy BIB 2023
942 ## - ADDED ENTRY ELEMENTS (KOHA)
Source of classification or shelving scheme Dewey Decimal Classification
Koha item type Krásna literatúra pre deti
Suppress in OPAC No
949 ## - LOCAL PROCESSING INFORMATION (OCLC)
6 17A1574445
a snkSD 93339
b snk2025/8477
o 690/2025
949 ## - LOCAL PROCESSING INFORMATION (OCLC)
6 3870A28082
a binNKS 2022/12
b bin28082
949 ## - LOCAL PROCESSING INFORMATION (OCLC)
6 3870A28382
a binBIB 23/281/I
b bin28382
949 ## - LOCAL PROCESSING INFORMATION (OCLC)
6 3870A28383
a binBIB 23/281/II
b bin28383
949 ## - LOCAL PROCESSING INFORMATION (OCLC)
6 273K0675298
a svkpoA 251344
b svkpo665941

No items available.

Projekt je podporený Slovenskou asociáciou knižníc
Prevádzkuje Turčianska knižnica Martin 2026